Statistics for States of Brazil by Borders in 20 Seconds

Click here to take the quiz!

General Stats

  • This quiz has been taken 45 times
  • The average score is 20 of 27

Answers on the Map

Answers color-coded by a green-red scale on the quiz's map according to % correct below.
 

Answer Stats

State% Correct
Amazonas
100%
Mato Grosso
100%
Pará
100%
Mato Grosso do Sul
95%
Minas Gerais
95%
Rondônia
95%
Roraima
95%
Acre
84%
Espírito Santo
84%
Goiás
84%
Tocantins
84%
Paraná
79%
Rio de Janeiro
79%
São Paulo
79%
Bahia
74%
Distrito Federal
68%
Maranhão
68%
Amapá
63%
Ceará
58%
Pernambuco
58%
Piauí
58%
Santa Catarina
58%
Paraíba
53%
Rio Grande do Norte
53%
Alagoas
47%
Sergipe
47%
Rio Grande do Sul
42%

Score Distribution

Percentile by Number Answered

Percent of People with Each Score

Your Score History

You have not taken this quiz